00385nam a22001337a 450000500170000000800410001704000090005808200200006710000310008724500590011825000110017726000440018830000190023220220215131232.0220215b ||||| |||| 00| 0 eng d cOCLC 223a820.35bGOV aGovindan, MarshalleAuthor aBabaji and the 18 Siddha Kriya Yoga Traditionhenglish a7th ed aBanglorebBabaji Kriya yoga trustc2000 a192p. ;c21 cm